| 000 | 01022nam a2200265Ia 4500 | ||
|---|---|---|---|
| 003 | OSt | ||
| 005 | 20221005110647.0 | ||
| 006 | a|||||r|||| 00| 0 | ||
| 007 | ta | ||
| 008 | 221004b |||||||| |||| 00| 0 hin d | ||
| 020 |
_a9788126710874 (hbk) _c250 |
||
| 024 | _a23165 | ||
| 037 |
_b205, 09/11/2015, Eastern Book Linkers _cTextual |
||
| 040 |
_aCRL _cCRL _bhin |
||
| 041 |
_2hin _ahin |
||
| 082 | _aO152,3N01w, K0;P6 | ||
| 100 |
_aपाण्डेय बेचन, शर्मा, ‘उग्र’, संपा. _9624131 |
||
| 245 | 0 | _aअपनी खबर | |
| 246 | _aApanī khabara | ||
| 260 |
_aनई दिल्ली _bराजकमल प्रकाशन भारत _c2006 |
||
| 300 |
_a143पृ0 _ccm. |
||
| 650 | _aहिन्दी साहित्य | ||
| 942 |
_hO152,3N01w, K0;P6 _cTEXL _2cc |
||
| 999 |
_c1019503 _d1019503 |
||